[Event "Speed Chess Poland"]
[Site "Chess.com INT"]
[Date "2024.01.23"]
[Round "1.1"]
[White "Bartel, Mateusz"]
[Black "Kiolbasa, Oliwia"]
[Result "1-0"]
[WhiteElo "2657"]
[BlackElo "2386"]
[PlyCount "85"]
[EventDate "2024.01.19"]
[EventType "k.o. (blitz)"]
[EventRounds "4"]
[EventCountry "POL"]
[SourceTitle "CB05_2024"]
[SourceDate "2024.01.31"]
[SourceVersion "1"]
[SourceVersionDate "2024.01.31"]
[SourceQuality "1"]

1. Nf3 Nf6 2. c4 e6 3. b3 d5 4. e3 c5 5. Bb2 Nc6 6. cxd5 exd5 7. g3 d4 8. Bg2 Be7 9. 0-0 0-0 10. Na3 Bf5 11. exd4 cxd4 12. Re1 Rc8 13. Ne5 Re8 14. Nxc6 bxc6 15. Nc4 Nd5 16. Qf3 Bg6 17. Bxd4 Nb4 18. Qc3 Bf8 19. Rxe8 Qxe8 20. Be3 Qe6 21. a3 Nd5 22. Qa5 Nxe3 23. dxe3 Bd3 24. Qxa7 Bxc4 25. bxc4 Qxc4 26. Qd4 Qb3 27. a4 g6 28. Qd7 Rb8 29. Bxc6 Qb2 30. Rf1 Bg7 31. Bb5 h5 32. h4 Qe5 33. Qc6 Qf5 34. Kg2 Rd8 35. Qf3 Qe5 36. Rd1 Rc8 37. Rd7 Bf6 38. Rd2 Rc3 39. Qd5 Qe7 40. a5 Ra3 41. a6 Kg7 42. Qb7 Qc5 43. Rd7 1-0

[Event "Speed Chess Poland"]
[Site "Chess.com INT"]
[Date "2024.01.23"]
[Round "1.5"]
[White "Bartel, Mateusz"]
[Black "Kiolbasa, Oliwia"]
[Result "1-0"]
[WhiteElo "2657"]
[BlackElo "2386"]
[PlyCount "85"]
[EventDate "2024.01.19"]
[EventType "k.o. (blitz)"]
[EventRounds "4"]
[EventCountry "POL"]
[SourceTitle "CB05_2024"]
[SourceDate "2024.01.31"]
[SourceVersion "1"]
[SourceVersionDate "2024.01.31"]
[SourceQuality "1"]

1. Nf3 Nf6 2. c4 e6 3. e3 d5 4. Nc3 c5 5. d4 dxc4 6. Bxc4 a6 7. 0-0 b5 8. Be2 Bb7 9. b3 Nbd7 10. Bb2 Bd6 11. a4 b4 12. Nb1 0-0 13. Nbd2 Ne4 14. Nc4 Be7 15. Rc1 Rc8 16. Bd3 Ndf6 17. Qe2 cxd4 18. exd4 Nd6 19. Nce5 Qb6 20. Nd2 h6 21. Ndc4 Qd8 22. f4 Nf5 23. Rcd1 Rc7 24. Bb1 Qd5 25. Nf3 a5 26. Qe5 Qxe5 27. dxe5 Nd5 28. Bxf5 exf5 29. Nd4 Bc5 30. Kh1 g6 31. Nb5 Rcc8 32. Bd4 Bxd4 33. Rxd4 Nc3 34. Nbd6 Rcd8 35. Nxa5 Ba8 36. Nac4 Rd7 37. Nb6 Rc7 38. Nxa8 Rxa8 39. Rxb4 Ne2 40. Rc4 Rxc4 41. Nxc4 Rb8 42. a5 Rxb3 43. Ra1 1-0

[Event "Speed Chess Poland"]
[Site "Chess.com INT"]
[Date "2024.01.23"]
[Round "1.7"]
[White "Bartel, Mateusz"]
[Black "Kiolbasa, Oliwia"]
[Result "0-1"]
[WhiteElo "2657"]
[BlackElo "2386"]
[PlyCount "84"]
[EventDate "2024.01.19"]
[EventType "k.o. (blitz)"]
[EventRounds "4"]
[EventCountry "POL"]
[SourceTitle "CB05_2024"]
[SourceDate "2024.01.31"]
[SourceVersion "1"]
[SourceVersionDate "2024.01.31"]
[SourceQuality "1"]

1. Nf3 Nf6 2. g3 e6 3. Bg2 d5 4. 0-0 c5 5. a4 Nc6 6. d3 Be7 7. Nbd2 b6 8. e4 Bb7 9. Re1 Qc7 10. exd5 Nxd5 11. Nc4 0-0 12. h4 a6 13. h5 h6 14. c3 Bf6 15. Nh2 b5 16. Ne3 Nxe3 17. Bxe3 Be7 18. Ng4 Rfd8 19. Qe2 Qd7 20. Rad1 bxa4 21. Bc1 Rab8 22. Bf4 Rbc8 23. Qc2 Na5 24. Ne5 Qb5 25. Bf1 Qb3 26. Qc1 Qd5 27. f3 f6 28. c4 Qd4+ 29. Kh2 fxe5 30. Bxe5 Qf2+ 31. Bg2 Nb3 32. Qf4 Rf8 33. Qg4 Rf7 34. Rf1 Qe2 35. Rfe1 Qc2 36. Qxe6 Bxf3 37. Qxc8+ Kh7 38. Rg1 Bxg2 39. Rxg2 Qxd1 40. g4 Qf3 41. Qe6 Nd4 42. Rg3 Nxe6 0-1

[Event "Speed Chess Poland"]
[Site "Chess.com INT"]
[Date "2024.01.23"]
[Round "1.15"]
[White "Bartel, Mateusz"]
[Black "Kiolbasa, Oliwia"]
[Result "1-0"]
[WhiteElo "2657"]
[BlackElo "2386"]
[PlyCount "37"]
[EventDate "2024.01.19"]
[EventType "k.o. (blitz)"]
[EventRounds "4"]
[EventCountry "POL"]
[SourceTitle "CB05_2024"]
[SourceDate "2024.01.31"]
[SourceVersion "1"]
[SourceVersionDate "2024.01.31"]
[SourceQuality "1"]

1. e4 e5 2. Nf3 Nc6 3. g3 Nf6 4. d3 d5 5. exd5 Nxd5 6. Bg2 Bd6 7. 0-0 0-0 8. Nc3 Nxc3 9. bxc3 h6 10. Rb1 Rb8 11. Nd2 Bd7 12. Nc4 Re8 13. Nxd6 cxd6 14. c4 b6 15. f4 Qc7 16. f5 Qc8 17. Qg4 Kh8 18. Qh5 Kh7 19. Qxf7 1-0

[Event "Speed Chess Poland"]
[Site "Chess.com INT"]
[Date "2024.01.23"]
[Round "1.21"]
[White "Bartel, Mateusz"]
[Black "Kiolbasa, Oliwia"]
[Result "1/2-1/2"]
[WhiteElo "2657"]
[BlackElo "2386"]
[PlyCount "101"]
[EventDate "2024.01.19"]
[EventType "k.o. (blitz)"]
[EventRounds "4"]
[EventCountry "POL"]
[SourceTitle "CB05_2024"]
[SourceDate "2024.01.31"]
[SourceVersion "1"]
[SourceVersionDate "2024.01.31"]
[SourceQuality "1"]

1. Nf3 Nf6 2. g3 d5 3. Bg2 e6 4. 0-0 c5 5. d4 Nc6 6. c4 dxc4 7. dxc5 Qxd1 8. Rxd1 Bxc5 9. Nbd2 c3 10. bxc3 0-0 11. Rb1 Rd8 12. Ne1 Nd5 13. Ne4 Be7 14. c4 Nb6 15. Rxd8+ Nxd8 16. c5 Nd5 17. Nd3 Bd7 18. Nd6 b6 19. Nf5 Bf8 20. Ne3 bxc5 21. Nxd5 exd5 22. Bxd5 Rc8 23. Ne5 Be6 24. Bxe6 Nxe6 25. Nc4 Nd4 26. e3 Nc6 27. Kf1 Rb8 28. Rxb8 Nxb8 29. Ke2 Nc6 30. a3 f5 31. Kd3 Kf7 32. Bb2 Ke6 33. Bc3 g6 34. f3 Be7 35. Na5 Nxa5 36. Bxa5 c4+ 37. Kxc4 Bxa3 38. e4 fxe4 39. fxe4 Ke5 40. Kd3 Bc5 41. Bc3+ Ke6 42. h3 h5 43. g4 hxg4 44. hxg4 Bb6 45. Kc4 Bc7 46. Kd3 Be5 47. Ba5 Bb2 48. Bc7 Be5 49. Ba5 Bb2 50. Bc7 Be5 51. Ba5 1/2-1/2

[Event "Speed Chess Poland"]
[Site "Chess.com INT"]
[Date "2024.01.23"]
[Round "1.4"]
[White "Kiolbasa, Oliwia"]
[Black "Bartel, Mateusz"]
[Result "0-1"]
[WhiteElo "2386"]
[BlackElo "2657"]
[PlyCount "70"]
[EventDate "2024.01.19"]
[EventType "k.o. (blitz)"]
[EventRounds "4"]
[EventCountry "POL"]
[SourceTitle "CB05_2024"]
[SourceDate "2024.01.31"]
[SourceVersion "1"]
[SourceVersionDate "2024.01.31"]
[SourceQuality "1"]

1. e4 c5 2. Nf3 a6 3. c4 Nc6 4. d4 cxd4 5. Nxd4 e5 6. Nf5 Nf6 7. Nc3 d5 8. cxd5 Nxe4 9. Ne3 Nxc3 10. bxc3 Nb8 11. Be2 Bc5 12. 0-0 0-0 13. a4 Nd7 14. Nc4 Nf6 15. Nxe5 Qxd5 16. Nd3 Bd6 17. Bf3 Qc4 18. Bg5 Bf5 19. Nb2 Qc7 20. Bxf6 gxf6 21. h3 Bh2+ 22. Kh1 Be5 23. a5 Qxc3 24. Na4 Qxa1 25. Qxa1 Bxa1 26. Rxa1 Rab8 27. Nc5 Rfc8 28. Nxb7 Rc2 29. Kg1 Be6 30. Ra4 f5 31. Rd4 Kg7 32. h4 Rc7 33. Nd6 Kf6 34. h5 Ke7 35. h6 Rd8 0-1

[Event "Speed Chess Poland"]
[Site "Chess.com INT"]
[Date "2024.01.23"]
[Round "1.8"]
[White "Kiolbasa, Oliwia"]
[Black "Bartel, Mateusz"]
[Result "1/2-1/2"]
[WhiteElo "2386"]
[BlackElo "2657"]
[PlyCount "120"]
[EventDate "2024.01.19"]
[EventType "k.o. (blitz)"]
[EventRounds "4"]
[EventCountry "POL"]
[SourceTitle "CB05_2024"]
[SourceDate "2024.01.31"]
[SourceVersion "1"]
[SourceVersionDate "2024.01.31"]
[SourceQuality "1"]

1. e4 c5 2. Nf3 a6 3. c4 Nc6 4. d4 cxd4 5. Nxd4 e5 6. Nc2 Nf6 7. Nc3 Bc5 8. Be2 d6 9. 0-0 0-0 10. a3 h6 11. Qd3 Be6 12. b4 Bd4 13. Nxd4 Nxd4 14. Be3 Nxe2+ 15. Nxe2 b5 16. cxb5 axb5 17. Qxb5 Nxe4 18. f4 Rb8 19. Qd3 f5 20. Nc3 Nxc3 21. Qxc3 Qf6 22. Rad1 Rfc8 23. Qb2 Bc4 24. Rfe1 Rc6 25. a4 Qe6 26. b5 Rcc8 27. Rc1 e4 28. b6 d5 29. a5 Ba6 30. Bd4 Qe7 31. Be5 Rxc1 32. Rxc1 Rc8 33. Rxc8+ Bxc8 34. Qc3 Qd7 35. Qc5 Ba6 36. Bd4 Kf7 37. Bc3 Kg6 38. Qd4 Kh7 39. Qe5 Bb7 40. Kf2 Ba6 41. Ke3 Bb7 42. h3 Ba6 43. Qb8 Qc6 44. Qc7 Qxc7 45. bxc7 Kg6 46. Kd4 Kf7 47. Kxd5 g5 48. Ke5 Kg6 49. g4 fxg4 50. hxg4 gxf4 51. Kxf4 Bc8 52. Kxe4 Kf7 53. Kf4 Ke6 54. Bd2 Kd6 55. Kg3 Kxc7 56. Bxh6 Bxg4 57. Kxg4 Kb7 58. Be3 Ka8 59. Kf5 Kb7 60. a6+ Kxa6 1/2-1/2

[Event "Speed Chess Poland"]
[Site "Chess.com INT"]
[Date "2024.01.23"]
[Round "1.10"]
[White "Kiolbasa, Oliwia"]
[Black "Bartel, Mateusz"]
[Result "0-1"]
[WhiteElo "2386"]
[BlackElo "2657"]
[PlyCount "92"]
[EventDate "2024.01.19"]
[EventType "k.o. (blitz)"]
[EventRounds "4"]
[EventCountry "POL"]
[SourceTitle "CB05_2024"]
[SourceDate "2024.01.31"]
[SourceVersion "1"]
[SourceVersionDate "2024.01.31"]
[SourceQuality "1"]

1. e4 c5 2. Nf3 a6 3. c4 Nc6 4. d4 cxd4 5. Nxd4 e5 6. Nc2 Nf6 7. Nc3 Bc5 8. Be2 d6 9. 0-0 0-0 10. Be3 Bxe3 11. Nxe3 Nd4 12. Nc2 Qb6 13. b3 Be6 14. Na4 Nxe2+ 15. Qxe2 Qc6 16. Rfe1 b5 17. Nb4 Qxe4 18. Qxe4 Nxe4 19. Nb6 Rab8 20. N6d5 Bxd5 21. cxd5 Nc5 22. Nc6 Rb7 23. b4 Na4 24. Rac1 Nb6 25. Na5 Rd7 26. Red1 f5 27. Rc6 Rb8 28. f3 Kf7 29. Kf2 g5 30. g3 h5 31. h4 g4 32. fxg4 hxg4 33. Ke3 Kf6 34. Ke2 f4 35. Kf2 f3 36. Ke3 Kf5 37. Rd2 Nc4+ 38. Nxc4 bxc4 39. Rxc4 Rdb7 40. a3 a5 41. Rb2 Rb5 42. Rb3 Rxd5 43. Rcc3 axb4 44. axb4 Rdb5 45. Rc4 d5 46. Rc7 Rxb4 0-1

[Event "Speed Chess Poland"]
[Site "Chess.com INT"]
[Date "2024.01.23"]
[Round "1.14"]
[White "Kiolbasa, Oliwia"]
[Black "Bartel, Mateusz"]
[Result "0-1"]
[WhiteElo "2386"]
[BlackElo "2657"]
[PlyCount "80"]
[EventDate "2024.01.19"]
[EventType "k.o. (blitz)"]
[EventRounds "4"]
[EventCountry "POL"]
[SourceTitle "CB05_2024"]
[SourceDate "2024.01.31"]
[SourceVersion "1"]
[SourceVersionDate "2024.01.31"]
[SourceQuality "1"]

1. e4 c5 2. Nf3 a6 3. c3 d5 4. exd5 Qxd5 5. d4 Nf6 6. Be3 cxd4 7. cxd4 e6 8. Nc3 Qd8 9. Bd3 Nc6 10. 0-0 Nb4 11. Be2 Be7 12. Ne5 0-0 13. Bf3 Nbd5 14. Bg5 h6 15. Bxf6 Bxf6 16. Nxd5 exd5 17. Qb3 Be6 18. Qxb7 Qd6 19. Qb3 Rab8 20. Qc2 Bxe5 21. dxe5 Qxe5 22. b3 d4 23. Rfe1 Qa5 24. Qe4 Rfd8 25. Be2 Bf5 26. Qf4 d3 27. Bf3 d2 28. Red1 Rb4 29. Qe3 Rbd4 30. a3 Bc2 31. b4 Qg5 32. Qe2 Bxd1 33. Rxd1 Rd3 34. Be4 Rxa3 35. g3 Qb5 36. Qg4 Rc3 37. h4 Rc1 38. Kh2 Rxd1 39. Qxd1 Qc4 40. Bf3 Qc1 0-1

[Event "Speed Chess Poland"]
[Site "Chess.com INT"]
[Date "2024.01.23"]
[Round "1.16"]
[White "Kiolbasa, Oliwia"]
[Black "Bartel, Mateusz"]
[Result "0-1"]
[WhiteElo "2386"]
[BlackElo "2657"]
[PlyCount "58"]
[EventDate "2024.01.19"]
[EventType "k.o. (blitz)"]
[EventRounds "4"]
[EventCountry "POL"]
[SourceTitle "CB05_2024"]
[SourceDate "2024.01.31"]
[SourceVersion "1"]
[SourceVersionDate "2024.01.31"]
[SourceQuality "1"]

1. e4 c5 2. Nf3 a6 3. c4 Nc6 4. d4 cxd4 5. Nxd4 e5 6. Nc2 Nf6 7. Nc3 Bc5 8. Be2 d6 9. 0-0 0-0 10. Rb1 Be6 11. Qd3 b5 12. cxb5 axb5 13. Qxb5 Nd4 14. Qd3 Bxa2 15. Nxa2 Rxa2 16. Nxd4 Bxd4 17. b4 Qb6 18. Bg5 Rc8 19. Bxf6 gxf6 20. Qg3+ Kf8 21. Bg4 Rcc2 22. Kh1 Rxf2 23. Rxf2 Rxf2 24. Qh3 Qxb4 25. Rc1 Qc4 26. Qh6+ Ke7 27. h3 Rf1+ 28. Rxf1 Qxf1+ 29. Kh2 Bg1+ 0-1

[Event "Wch Blitz (Women)"]
[Site "Samarkand"]
[Date "2023.12.30"]
[Round "13"]
[White "Kiolbasa, Oliwia"]
[Black "Lesbekova, Asel"]
[Result "1-0"]
[WhiteElo "2379"]
[BlackElo "1805"]
[PlyCount "93"]
[EventDate "2023.12.29"]
[EventType "swiss (blitz)"]
[EventRounds "17"]
[EventCountry "UZB"]
[SourceTitle "CB01_2024"]
[SourceDate "2024.01.03"]
[SourceVersion "1"]
[SourceVersionDate "2024.01.03"]
[SourceQuality "1"]

1. e4 e5 2. Nf3 Nf6 3. Nxe5 Nxe4 4. Qe2 Qe7 5. Qxe4 d6 6. d4 dxe5 7. dxe5 Nc6 8. Nc3 Qxe5 9. Qxe5+ Nxe5 10. Bf4 Bd6 11. Bg3 Bf5 12. 0-0-0 0-0-0 13. Nb5 a6 14. Nxd6+ cxd6 15. h3 f6 16. f4 Ng6 17. Bc4 Rhe8 18. Rhe1 Be4 19. Rd2 f5 20. Bf7 Rf8 21. Bd5 Bxd5 22. Rxd5 Kc7 23. h4 h5 24. Re6 Nh8 25. Bf2 g6 26. Rd3 Rfe8 27. Rdxd6 Rxe6 28. Rxe6 Rd6 29. Re8 Nf7 30. Re7+ Rd7 31. Re6 Rd6 32. Re8 Nh6 33. Bc5 Rd7 34. Re6 Rd5 35. Bb6+ Kd7 36. Rxg6 Ng4 37. c4 Rd3 38. c5 Rg3 39. b4 Rxg2 40. a4 Rh2 41. b5 axb5 42. axb5 Rh3 43. c6+ bxc6 44. bxc6+ Ke7 45. Kd2 Rb3 46. c7 Kd7 47. Rg7+ 1-0

[Event "Wch Blitz (Women)"]
[Site "Samarkand"]
[Date "2023.12.30"]
[Round "10"]
[White "Pourkashiyan, Atousa"]
[Black "Kiolbasa, Oliwia"]
[Result "1/2-1/2"]
[WhiteElo "2259"]
[BlackElo "2379"]
[PlyCount "195"]
[EventDate "2023.12.29"]
[EventType "swiss (blitz)"]
[EventRounds "17"]
[EventCountry "UZB"]
[SourceTitle "CB01_2024"]
[SourceDate "2024.01.03"]
[SourceVersion "1"]
[SourceVersionDate "2024.01.03"]
[SourceQuality "1"]

1. e4 e5 2. Nf3 Nc6 3. Bb5 a6 4. Ba4 Nf6 5. 0-0 Bc5 6. c3 b5 7. Bc2 d6 8. d4 Ba7 9. h3 Bb7 10. Re1 h6 11. Be3 0-0 12. Nbd2 Re8 13. a3 exd4 14. cxd4 Ne7 15. d5 Ng6 16. Bxa7 Rxa7 17. Nf1 c6 18. dxc6 Bxc6 19. Ng3 Rc7 20. Qd2 Ne5 21. Nd4 Bb7 22. Bb3 Nc4 23. Bxc4 Rxc4 24. Ndf5 Nxe4 25. Nxe4 Rcxe4 26. Rxe4 Rxe4 27. Qxd6 Qxd6 28. Nxd6 Re7 29. Nxb7 Rxb7 30. Rc1 Rd7 31. Rc6 Rd1+ 32. Kh2 Rd2 33. b4 Rxf2 34. Rxa6 Ra2 35. Kg3 h5 36. h4 g6 37. Kf3 Kg7 38. g3 f6 39. Ra5 g5 40. hxg5 fxg5 41. Ra6 Kf7 42. Ke4 h4 43. gxh4 gxh4 44. Rh6 Rxa3 45. Rxh4 Rc3 46. Kd5 Ke7 47. Rh7+ Kd8 48. Rb7 Rb3 49. Rxb5 Kc7 50. Kc4 Rb1 51. Rh5 Kb6 52. Rh6+ Kb7 53. Kb5 Rg1 54. Rh7+ Kb8 55. Rd7 Rg5+ 56. Ka6 Rg6+ 57. Ka5 Rg5+ 58. Kb6 Rg6+ 59. Kc5 Rg5+ 60. Kc4 Rg4+ 61. Kb3 Rg3+ 62. Ka4 Rg5 63. Rh7 Rf5 64. b5 Rf1 65. Ka5 Rf6 66. Re7 Rg6 67. Rd7 Rh6 68. Rd8+ Kb7 69. Rg8 Rf6 70. Rg7+ Kb8 71. Rd7 Rh6 72. Kb4 Kc8 73. Ra7 Kb8 74. Rf7 Rg6 75. Rf5 Kb7 76. Kc5 Rh6 77. Rf7+ Kb8 78. Rd7 Rg6 79. Kb4 Rh6 80. Ka5 Rg6 81. b6 Rg1 82. Rd8+ Kb7 83. Rd7+ Kb8 84. Rd4 Ra1+ 85. Ra4 Rxa4+ 86. Kxa4 Kb7 87. Kb5 Kb8 88. Kc6 Kc8 89. Kd6 Kb7 90. Kc5 Kb8 91. Kb5 Kb7 92. Ka5 Kb8 93. Ka6 Ka8 94. Kb5 Kb7 95. Kc5 Kb8 96. Kc6 Kc8 97. b7+ Kb8 98. Kb6 1/2-1/2

[Event "Wch Rapid (Women)"]
[Site "Samarkand"]
[Date "2023.12.28"]
[Round "9"]
[White "Kiolbasa, Oliwia"]
[Black "Khamdamova, Afruza"]
[Result "1/2-1/2"]
[WhiteElo "2379"]
[BlackElo "2327"]
[PlyCount "187"]
[EventDate "2023.12.26"]
[EventType "swiss (rapid)"]
[EventRounds "11"]
[EventCountry "UZB"]
[SourceTitle "CB01_2024"]
[SourceDate "2024.01.03"]
[SourceVersion "1"]
[SourceVersionDate "2024.01.03"]
[SourceQuality "1"]

1. e4 e5 2. Nf3 Nc6 3. Bb5 a6 4. Ba4 Nf6 5. 0-0 Be7 6. d3 b5 7. Bb3 d6 8. a4 Rb8 9. c3 0-0 10. axb5 axb5 11. Re1 Re8 12. h3 h6 13. Nbd2 Bf8 14. Nf1 Bb7 15. Ng3 Ne7 16. Nh4 d5 17. Qf3 Nc8 18. Nhf5 Nb6 19. exd5 Bxd5 20. Bxd5 Nbxd5 21. Ne4 Rb6 22. Bd2 Nxe4 23. dxe4 Ne7 24. Be3 Rg6 25. Ng3 Rf6 26. Qg4 Qc8 27. Qh5 Ng6 28. Ra5 c6 29. Rea1 Nf4 30. Qd1 Rd8 31. Qc2 Rg6 32. Bb6 Re8 33. Ra7 h5 34. h4 Qg4 35. Qb3 Rge6 36. Be3 Qxh4 37. Ra8 Qg4 38. Rxe8 Rxe8 39. Ra7 Qg6 40. Qc2 h4 41. Bxf4 exf4 42. Nf5 f3 43. Nxh4 Qxe4 44. Qxe4 Rxe4 45. Nxf3 Re2 46. Ra8 f6 47. Nd4 Re1+ 48. Kh2 Kf7 49. Nxc6 Bd6+ 50. g3 Re2 51. Kg2 Rxb2 52. Nd4 Bc5 53. Rc8 Bxd4 54. cxd4 Ke6 55. Kf3 b4 56. Rc5 b3 57. Rb5 f5 58. Ke3 g5 59. g4 f4+ 60. Kf3 Kf6 61. Rf5+ Kg6 62. Rb5 Kf6 63. Rb6+ Kf7 64. Ke4 Re2+ 65. Kf5 b2 66. f3 Rf2 67. d5 Rxf3 68. Rxb2 Rd3 69. Rb7+ Kg8 70. Rb8+ Kf7 71. Rb7+ Kg8 72. Ke6 f3 73. Rb1 f2 74. Rf1 Re3+ 75. Kf6 Rf3+ 76. Kxg5 Rd3 77. Rxf2 Rxd5+ 78. Kg6 Rd6+ 79. Rf6 Rd8 80. Ra6 Rc8 81. g5 Rd8 82. Kh6 Re8 83. g6 Rc8 84. Ra7 Rd8 85. Rg7+ Kh8 86. Re7 Kg8 87. Kg5 Rb8 88. Kf6 Rb6+ 89. Re6 Rxe6+ 90. Kxe6 Kg7 91. Kf5 Kg8 92. Kf6 Kf8 93. g7+ Kg8 94. Kg6 1/2-1/2

[Event "Wch Rapid (Women)"]
[Site "Samarkand"]
[Date "2023.12.28"]
[Round "11"]
[White "Kiolbasa, Oliwia"]
[Black "Nurgaliyeva, Zarina"]
[Result "0-1"]
[WhiteElo "2379"]
[BlackElo "2113"]
[PlyCount "226"]
[EventDate "2023.12.26"]
[EventType "swiss (rapid)"]
[EventRounds "11"]
[EventCountry "UZB"]
[SourceTitle "CB01_2024"]
[SourceDate "2024.01.03"]
[SourceVersion "1"]
[SourceVersionDate "2024.01.03"]
[SourceQuality "1"]

1. e4 e5 2. Nf3 Nc6 3. Bb5 a6 4. Ba4 Nf6 5. 0-0 Be7 6. d3 b5 7. Bb3 d6 8. a4 Rb8 9. axb5 axb5 10. Nc3 0-0 11. h3 Be6 12. Nd5 Bxd5 13. exd5 Nb4 14. c4 Nd7 15. cxb5 Nb6 16. d4 e4 17. Nd2 f5 18. Nc4 Nd3 19. Na5 Ra8 20. Bd2 Bg5 21. f4 Bf6 22. Nc6 Rxa1 23. Qxa1 Qe8 24. Be3 Qg6 25. Qd1 Nxb2 26. Qe2 Nd3 27. Ra1 Qg3 28. Qd2 Bh4 29. Kh1 g5 30. Ne7+ Kh8 31. Rf1 Rf7 32. Nc6 g4 33. Bg1 gxh3 34. Bh2 Qg4 35. gxh3 Qxh3 36. Qg2 Qxg2+ 37. Kxg2 Rg7+ 38. Kh3 Be1 39. Bg1 Rg3+ 40. Kh2 Rf3 41. Rxf3 exf3 42. Be3 Bh4 43. Nb8 Ne1 44. Na6 f2 45. Bxf2 Bxf2 46. Nxc7 Bxd4 47. Kg3 Kg8 48. Kh4 Bf6+ 49. Kh5 Ng2 50. Ne6 Kf7 51. Bc2 Nxd5 52. Bxf5 Ngxf4+ 53. Nxf4 Nxf4+ 54. Kh6 Ne6 55. Kxh7 Bg5 56. Bg6+ Kf6 57. Bd3 Be3 58. Kg8 Ke5 59. Kf7 Kd5 60. Ke7 Bg5+ 61. Ke8 Nf4 62. Bf1 Kc5 63. Kd7 d5 64. Kc7 d4 65. b6 Nd5+ 66. Kd7 Nxb6+ 67. Ke6 Kb4 68. Ke5 Kc3 69. Ke4 Nc4 70. Be2 Bh6 71. Kd5 d3 72. Bxd3 Kxd3 73. Kc5 Be3+ 74. Kd5 Bd4 75. Ke6 Ke4 76. Kd7 Kd5 77. Ke7 Nd6 78. Kd7 Bf6 79. Kc7 Nc4 80. Kb7 Be5 81. Ka6 Kc6 82. Ka7 Nb6 83. Ka6 Bb8 84. Ka5 Bd6 85. Ka6 Be5 86. Ka5 Nd5 87. Ka6 Bb8 88. Ka5 Bd6 89. Ka6 Nc7+ 90. Ka7 Bc5+ 91. Kb8 Bb6 92. Kc8 Ba7 93. Kd8 Nd5 94. Kc8 Ne7+ 95. Kd8 Bc5 96. Ke8 Kd6 97. Kf7 Bd4 98. Ke8 Bc3 99. Kd8 Bh8 100. Ke8 Nc6 101. Kf7 Ne5+ 102. Ke8 Bf6 103. Kf8 Ke6 104. Ke8 Kd6 105. Kf8 Kd7 106. Kg8 Ke7 107. Kh7 Bg5 108. Kg7 Bf4 109. Kg8 Bh6 110. Kh7 Bf8 111. Kg8 Ng4 112. Kh7 Kf7 113. Kh8 Bg7+ 0-1

[Event "POL Superleague Rapid Final"]
[Site "Bydgoszcz"]
[Date "2023.11.25"]
[Round "2.18"]
[White "Maltsevskaya, Aleksandra"]
[Black "Kiolbasa, Oliwia"]
[Result "1-0"]
[WhiteElo "2384"]
[BlackElo "2371"]
[PlyCount "89"]
[EventDate "2023.11.25"]
[EventType "team-k.o. (rapid)"]
[EventRounds "2"]
[EventCountry "POL"]
[SourceTitle "CB48_2023"]
[SourceDate "2023.11.29"]
[SourceVersion "1"]
[SourceVersionDate "2023.11.29"]
[SourceQuality "1"]
[WhiteTeam "Pegow Wieza"]
[BlackTeam "Bydgoszcz Gwiazda"]
[WhiteTeamCountry "POL"]
[BlackTeamCountry "POL"]

1. e4 e5 2. Nc3 Nf6 3. Bc4 Nc6 4. d3 Bb4 5. Nge2 d5 6. exd5 Nxd5 7. 0-0 Be6 8. Kh1 0-0 9. f4 Nxf4 10. Bxf4 Bxc4 11. dxc4 exf4 12. Nd5 Bd6 13. Nexf4 Ne5 14. Qd4 b6 15. Nh5 Qg5 16. Ng3 Bc5 17. Qf4 Qxf4 18. Rxf4 c6 19. Nc3 Rad8 20. Nce4 Be3 21. Rff1 Nxc4 22. b3 Nd2 23. Rfe1 Nxe4 24. Nxe4 Bd4 25. Rad1 g6 26. g3 Rfe8 27. Rxd4 Rxd4 28. Nf6+ Kg7 29. Nxe8+ Kf8 30. Nf6 Rd2 31. Rc1 h5 32. Kg1 Ke7 33. Ne4 Re2 34. Nc3 Re3 35. Na4 f5 36. Kf2 Re5 37. Re1 Kd6 38. Rxe5 Kxe5 39. Ke3 g5 40. c3 c5 41. Nb2 b5 42. h4 gxh4 43. gxh4 a5 44. Nd3+ Kd5 45. Nf4+ 1-0

[Event "EU-chT (Women) 24th"]
[Site "Budva"]
[Date "2023.11.11"]
[Round "1.8"]
[White "Kiolbasa, Oliwia"]
[Black "Frisk, Ellinor"]
[Result "1-0"]
[WhiteElo "2371"]
[BlackElo "2161"]
[PlyCount "83"]
[EventDate "2023.11.11"]
[EventType "team-swiss"]
[EventRounds "9"]
[EventCountry "MNE"]
[SourceTitle "CB47_2023"]
[SourceDate "2023.11.22"]
[SourceVersion "1"]
[SourceVersionDate "2023.11.22"]
[SourceQuality "1"]
[WhiteTeam "Poland (W)"]
[BlackTeam "Sweden (W)"]
[WhiteTeamCountry "POL"]
[BlackTeamCountry "SWE"]

1. e4 c5 2. Nf3 e6 3. d4 cxd4 4. Nxd4 Nf6 5. Nc3 Nc6 6. Nxc6 bxc6 7. e5 Nd5 8. Ne4 Qc7 9. f4 Qb6 10. a3 Ne3 11. Qd3 Nxf1 12. Rxf1 Ba6 13. c4 f5 14. Nd6+ Bxd6 15. exd6 c5 16. Rf3 Bb7 17. Rg3 Be4 18. Qd1 g6 19. b3 0-0-0 20. Bb2 Rhf8 21. Kf1 Kb7 22. b4 Ka8 23. Bc3 Rc8 24. b5 g5 25. Rxg5 Rg8 26. Ra2 h6 27. Rxg8 Rxg8 28. Rf2 Rg4 29. Kg1 h5 30. Bf6 h4 31. h3 Rg3 32. Bxh4 Rd3 33. Qh5 Qxd6 34. a4 Rd2 35. Rxd2 Qxd2 36. Qg5 Kb7 37. Bf2 e5 38. a5 exf4 39. Qd8 a6 40. bxa6+ Ka7 41. Bxc5+ Kxa6 42. Qb6# 1-0

[Event "FIDE Grand Swiss (Women)"]
[Site "Douglas"]
[Date "2023.10.25"]
[Round "1"]
[White "Vaishali, Ramesh Babu"]
[Black "Kiolbasa, Oliwia"]
[Result "1-0"]
[WhiteElo "2448"]
[BlackElo "2375"]
[PlyCount "159"]
[EventDate "2023.10.25"]
[EventType "swiss"]
[EventRounds "11"]
[EventCountry "IOM"]
[SourceTitle "Mega2024 Update 01"]
[Source "Chessbase"]
[SourceDate "2023.11.12"]
[SourceVersion "1"]
[SourceVersionDate "2023.11.12"]
[SourceQuality "1"]

1. e4 e5 2. Nf3 Nc6 3. Bc4 Nf6 4. d3 Bc5 5. 0-0 d6 6. c3 0-0 7. Bg5 h6 8. Bh4 a6 9. b4 Ba7 10. Nbd2 Be6 11. a4 Qe7 12. Re1 Rfe8 13. h3 g5 14. Bg3 Nh5 15. Kh2 Qf6 16. b5 Na5 17. Bxe6 Rxe6 18. Nf1 Rae8 19. Ra2 Bb6 20. Ne3 Bxe3 21. fxe3 Nxg3 22. Kxg3 axb5 23. axb5 b6 24. h4 gxh4+ 25. Nxh4 Kh7 26. Rf1 Rg8+ 27. Kh3 Qg7 28. Nf5 Qg5 29. Kh2 Rf6 30. Raf2 Nb7 31. Qf3 Nc5 32. d4 Ne6 33. Qh3 Ng7 34. Nh4 Nh5 35. Rf5 Rxf5 36. Rxf5 Qg3+ 37. Qxg3 Nxg3 38. Rxf7+ Kh8 39. Rxc7 Nf1+ 40. Kg1 Nxe3 41. dxe5 dxe5 42. Kf2 Ng4+ 43. Kg3 Nf6+ 44. Kf3 Rg4 45. g3 h5 46. Rc4 Nd7 47. Rc6 Rg7 48. Nf5 Rf7 49. Ke3 Rf6 50. Rc8+ Rf8 51. Rc6 Rf6 52. Ne7 Rf7 53. Nd5 Rg7 54. Kf3 Rf7+ 55. Ke3 Rg7 56. Kf3 Rf7+ 57. Kg2 Nc5 58. Rh6+ Kg7 59. Rxh5 Nxe4 60. Rxe5 Nd6 61. Ne3 Rc7 62. Rd5 Nf7 63. c4 Kf6 64. Rh5 Ke6 65. Kf3 Ne5+ 66. Ke4 Nxc4 67. Rh6+ Kd7 68. Rh7+ Kd8 69. Rxc7 Nd6+ 70. Ke5 Kxc7 71. Nd5+ Kd7 72. Nxb6+ Kc7 73. Nd5+ Kd7 74. b6 Nc4+ 75. Kf6 Kc6 76. Ke6 Nd2 77. g4 Nf3 78. Kf5 Kxd5 79. b7 Nd4+ 80. Kf6 1-0

[Event "POL-chT Ekstraliga"]
[Site "Lublin"]
[Date "2023.09.23"]
[Round "6.1"]
[White "Wagner, Dinara"]
[Black "Kiolbasa, Oliwia"]
[Result "1-0"]
[WhiteElo "2468"]
[BlackElo "2387"]
[PlyCount "81"]
[EventDate "2023.09.18"]
[EventType "team-tourn"]
[EventRounds "9"]
[EventCountry "POL"]
[SourceTitle "EXT 2024"]
[Source "ChessBase"]
[SourceDate "2023.10.10"]
[SourceVersion "1"]
[SourceVersionDate "2023.10.10"]
[SourceQuality "1"]
[WhiteTeam "Raciborz Silesia"]
[BlackTeam "Bydgoszcz Energia Gwiazda"]
[WhiteTeamCountry "POL"]
[BlackTeamCountry "POL"]

1. d4 Nf6 2. c4 e6 3. Nf3 d5 4. g3 Be7 5. Bg2 Ne4 6. Nc3 f5 7. Bf4 c6 8. Qc2 0-0 9. 0-0 Nd7 10. Rad1 g5 11. Be3 h6 12. Nxe4 dxe4 13. Ne1 Qe8 14. f3 f4 15. gxf4 gxf4 16. Bd2 e3 17. Bc3 Rf5 18. Bh3 Rg5+ 19. Kh1 Nf8 20. Qe4 Bd6 21. Nd3 Qf7 22. Ne5 Bxe5 23. dxe5 Bd7 24. c5 Re8 25. Bg4 Nh7 26. Rg1 Kh8 27. h4 Rg7 28. Bh3 Reg8 29. Rg4 h5 30. Rxg7 Rxg7 31. Rd4 Qe7 32. Qxf4 Qxc5 33. Qxe3 Qe7 34. Be1 Qf7 35. Qh6 c5 36. Rd6 Bc6 37. Rd8+ Rg8 38. Rxg8+ Qxg8 39. Bxe6 Qe8 40. Bf5 Qf7 41. e6 1-0